00277 a2200121 4500001000700000020001800007040001100025100002900036240003900065245003400104300000800138362000900146193023 a85-7675-149-6 cMagnum aBrisou-Pellen, Évelyne10aUma armadilha para ifigênialpor10aUma armadilha para ifigênia a1110 a2006